Mathematical conflicts in the special theory of relativity (Record no. 13588)

000 -LEADER
fixed length control field 00418nam a22001457a 4500
020 ## - INTERNATIONAL STANDARD BOOK NUMBER
International Standard Book Number 9789385919237
082 ## - DEWEY DECIMAL CLASSIFICATION NUMBER
Classification number 530.11
100 ## - MAIN ENTRY--PERSONAL NAME
Personal name Radwan M. Kassir
245 ## - TITLE STATEMENT
Title Mathematical conflicts in the special theory of relativity
260 ## - PUBLICATION, DISTRIBUTION, ETC.
Place of publication, distribution, etc. New Delhi
Name of publisher, distributor, etc. Viva Books
Date of publication, distribution, etc. 2016
300 ## - PHYSICAL DESCRIPTION
Extent 225p.
Other physical details 25cm
650 ## - SUBJECT ADDED ENTRY--TOPICAL TERM
Topical term or geographic name entry element mathematical conflicts in the special theory of relativity
650 ## - SUBJECT ADDED ENTRY--TOPICAL TERM
Topical term or geographic name entry element Mathematical physics.
942 ## - ADDED ENTRY ELEMENTS (KOHA)
Koha item type Book
Holdings
Withdrawn status Lost status Damaged status Not for loan Collection code Permanent Location Current Location Shelving location Date acquired Source of acquisition Cost, normal purchase price Total Checkouts Full call number Barcode Date last seen Price effective from Koha item type
          Central Library (CL) Central Library (CL) General Stacks 06/28/2016 Progressive International Agencies 1480.56   530.11 KAS SEECS013469 03/24/2025 06/28/2016 Book
© 2023 Central Library, National University of Sciences and Technology. All Rights Reserved.